Quick Pick: 'M, N' Elements Quiz Stats

 Plays Quiz Updated Jun 6, 2018

Challenge
Share
Tweet
Embed
Score 0/15 Timer 01:00
1 Play Today
% Correct
Neptunium
92.1%
Meitnerium
91.9%
Nihonium
90.3%
Neodymium
88.7%
Neon
88.3%
Nickel
85.3%
Nobelium
85%
Magnesium
84.1%
% Correct
Mendelevium
83.7%
Manganese
80.5%
Nitrogen
80.1%
Mercury
79.7%
Molybdenum
76.8%
Niobium
76.6%
Moscovium
74.8%

Today's Daily Dose

You're not logged in!

Compare scores with friends on all Sporcle quizzes.
Join for Free
OR
Log In

You Might Also Like...

Show Comments

Extras

Top Quizzes Today


Score Distribution

Your Account Isn't Verified!

In order to create a playlist on Sporcle, you need to verify the email address you used during registration. Go to your Sporcle Settings to finish the process.

Report this User

Report this user for behavior that violates our Community Guidelines.

Details: